Tuyển tập truyện ngắn - thơ - trường ca

সংরক্ষণ করুন:
গ্রন্থ-পঞ্জীর বিবরন
প্রধান লেখক: Nguyễn, Minh Hằng
বিন্যাস: গ্রন্থ
ভাষা:Undetermined
প্রকাশিত: H. Hội nhà văn 2019
বিষয়গুলি:
অনলাইন ব্যবহার করুন:http://lrc.tdmu.edu.vn/opac/search/detail.asp?aID=2&ID=41049
ট্যাগগুলো: ট্যাগ যুক্ত করুন
কোনো ট্যাগ নেই, প্রথমজন হিসাবে ট্যাগ করুন!
Thư viện lưu trữ: Trung tâm Học liệu Trường Đại học Thủ Dầu Một
LEADER 00739nam a2200193Ia 4500
001 TDMU_41049
008 210410s9999 xx 000 0 und d
082 |a 895.92209 
090 |b NG527 
100 |a Nguyễn, Minh Hằng 
245 0 |a Tuyển tập truyện ngắn - thơ - trường ca 
245 0 |c Nguyễn Minh Hằng 
260 |a H. 
260 |b Hội nhà văn 
260 |c 2019 
300 |a 215 tr. 
650 |a Văn học Việt Nam  |x Truyện ngắn  |x Thơ  |x Trường ca; Truyện ngắn  |x Thơ  |x Trường ca  |x Văn học  |z Việt Nam 
856 |u http://lrc.tdmu.edu.vn/opac/search/detail.asp?aID=2&ID=41049 
980 |a Trung tâm Học liệu Trường Đại học Thủ Dầu Một